000 00660cab a22002175a 4500
001 L157014
008 120813e20120203xxkd f 000 0 eng d
035 _a(Sirsi) u157014
041 0 _aeng
100 1 _aStothart, Chloe
245 0 0 _aHow Canada took the if out of PFI
260 _c2012
490 0 _aBuilding
_v277 (8740) 10 August 2012, 34-37(4)
520 _aLooks at the Canadian approach to procurement and compares it with the UK's; PFI, private finance initiative, and P3.
590 _aKA
651 4 _aCanada
690 _aProcurement
_96260
690 _aProject management
_96261
690 _aConstruction management
_96230
942 _n0
999 _c84234
_d84234